000 00552nam a2200193Ia 4500
003 OSt
005 20240812161608.0
008 210210b1972 xxu||||| |||| 00| 0 eng d
040 _cAL
041 _aHindi
082 _aH891.4 DAMB
100 _aDAMODARAN (K).
_dदामोदरन के
_9176699
245 _aBharatiy chintan parampara.
_bभारतीय चिंतन परंपरा
260 _aNayi Dilli
_bPipuls Pablishing Haus
_c1972
300 _a535
690 _aHindi Prose
_9176700
906 _a029301
942 _2ddc
_cBK
999 _c80522
_d80522